Fish biodivesity in phnom somkos wildlife sanctaury , ជីវចំរុះត្រីនៅដែនជំរកសត្វព្រៃភ្នំសំកុល (Record no. 6642)
[ view plain ]
| 000 -LEADER | |
|---|---|
| fixed length control field | 00559nam a22001577a 4500 |
| 003 - CONTROL NUMBER IDENTIFIER | |
| control field | OSt |
| 005 - DATE AND TIME OF LATEST TRANSACTION | |
| control field | 20160211110021.0 |
| 008 - FIXED-LENGTH DATA ELEMENTS--GENERAL INFORMATION | |
| fixed length control field | 160211b xxu||||| |||| 00| 0 eng d |
| 040 ## - CATALOGING SOURCE | |
| Transcribing agency | RUA |
| 082 ## - DEWEY DECIMAL CLASSIFICATION NUMBER | |
| Classification number | MGR KEA 2005 B382 Or.1 |
| 100 ## - MAIN ENTRY--PERSONAL NAME | |
| 9 (RLIN) | 7055 |
| Personal name | KEA KIM ENG ; គា គីមអេង |
| 245 ## - TITLE STATEMENT | |
| Title | Fish biodivesity in phnom somkos wildlife sanctaury , ជីវចំរុះត្រីនៅដែនជំរកសត្វព្រៃភ្នំសំកុល |
| 260 ## - PUBLICATION, DISTRIBUTION, ETC. (IMPRINT) | |
| Place of publication, distribution, etc. | Phnom Penh |
| Name of publisher, distributor, etc. | RUA |
| Date of publication, distribution, etc. | 2005 |
| 300 ## - PHYSICAL DESCRIPTION | |
| Extent | xii; 61p. |
| Other physical details | ill. |
| Dimensions | 29cm. |
| 942 ## - ADDED ENTRY ELEMENTS (KOHA) | |
| Source of classification or shelving scheme | |
| Koha item type | MGR |
| Price effective from | Date last seen | Permanent Location | Not for loan | Date acquired | Source of classification or shelving scheme | Koha item type | Lost status | Withdrawn status | Date last checked out | Total Checkouts | Shelving location | Damaged status | Barcode | Current Location | Full call number |
|---|---|---|---|---|---|---|---|---|---|---|---|---|---|---|---|
| 2016-02-11 | 2016-02-11 | Library Block B | 2016-02-11 | MGR | B385 | RUA050034 | Library Block B | MGR KEA 2005 B382 Or.1 | |||||||
| 2016-02-11 | 2016-02-11 | Library Block B | 2016-02-11 | MGR | B385 | RUA050035 | Library Block B | MGR KEA 2005 B382 Or.2 | |||||||
| 2016-02-11 | 2016-02-11 | Library Block B | 2016-02-11 | MGR | B385 | RUA049333 | Library Block B | MGR KEA 2005 B382 Or.3 | |||||||
| 2016-02-11 | 2016-02-11 | Library Block B | 2016-02-11 | MGR | B385 | RUA049990 | Library Block B | MGR KEA 2005 B382 Or.4 | |||||||
| 2016-02-11 | 2016-02-11 | Library Block B | 2016-02-11 | MGR | B385 | RUA 20085 | Library Block B | MGR KEA 2005 B382 Or.5 | |||||||
| 2016-02-11 | 2018-12-25 | Library Block B | 2016-02-11 | MGR | 2018-12-17 | 1 | B385 | RUA050424 | Library Block B | MGR KEA 2005 B382 Or.6 | |||||
| 2016-02-11 | 2016-02-11 | Library Block B | 2016-02-11 | MGR | B385 | RUA052319 | Library Block B | MGR KEA 2005 B382 Or.7 | |||||||
| 2016-02-11 | 2016-02-11 | Library Block B | 2016-02-11 | MGR | B385 | RUA052259 | Library Block B | MGR KEA 2005 B382 Or.8 | |||||||
| 2016-02-11 | 2016-02-11 | Library Block B | 2016-02-11 | MGR | B385 | RUA050188 | Library Block B | MGR KEA 2005 B382 Or.9 | |||||||
| 2016-02-11 | 2016-02-11 | Library Block B | 2016-02-11 | MGR | B385 | RUA049535 | Library Block B | MGR KEA 2005 B382 Or.10 |